Statistics for Jojo's Bizarre Adventure Opening Artists

Click here to take the quiz!

General Stats

  • This quiz has been taken 23 times
  • The average score is 9 of 14

Answer Stats

Part/NumberIntroArtist(s)% Correct
Part 2Bloody StreamCoda
100%
Part 3 (2)Jojo Chi no Koiku ~end of THE WORLD~Coda
93%
Part 5 (1)Fighting GoldCoda
93%
Part 1Jojo ~Sono Chi no Sadame~Hiroaki Tommy Tominaga
93%
Part 3 (2)Jojo Chi no Koiku ~end of THE WORLD~Hiroaki Tommy Tominaga
93%
Part 4 (3)Great DaysKaren Aoki
71%
Part 4 (1)Crazy Noisy Bizarre TownThe Du
71%
Part 4 (2)ChaseBatta
64%
Part 3 (1)Stand ProudJin Hashimoto
57%
Part 3 (2)Jojo Chi no Koiku ~end of THE WORLD~Jin Hashimoto
57%
Part 4 (3)Great DaysDaisuke Hasegawa
36%
Part 5 (2)Traitor's RequiemDaisuke Hasegawa
36%
Part 6 (2)Heaven's Falling DownSana
29%
Part 6 (1)Stone OceanKisida Kyodan & The Akebosi Rockets
14%

Score Distribution

Percentile by Number Answered

Percent of People with Each Score

Your Score History

You have not taken this quiz